| 000 | 00746nam a2200217 4500 | ||
|---|---|---|---|
| 003 | OSt | ||
| 005 | 20230907105424.0 | ||
| 008 | 708 R549v | ||
| 040 | _cLado V | ||
| 082 |
_a779 _bA346h |
||
| 100 |
_91026 _aAlcalá de Olmo, Luis _eautor |
||
| 245 | _aHaití: Los espíritus en la tierra/ | ||
| 260 |
_aSan Salvador _bMuseo de Antropología David J. Guzmán _c2008 |
||
| 300 |
_a32p. _c17x17cm |
||
| 650 |
_2Tesauro de Arte & Arquitectura _aARTE _9702 |
||
| 650 |
_2Tesauro de Arte & Arquitectura _aFOTOGRAFÍA _9702 |
||
| 650 |
_2Tesauro de Arte & Arquitectura _aFIGURA HUMANA _9702 |
||
| 650 |
_2Tesauro de Arte & Arquitectura _aCULTURA |
||
| 651 |
_2Tesauro de Arte & Arquitectura _aHAITÍ |
||
| 942 |
_2ddc _c1 _h779 _iA346h _n0 |
||
| 999 |
_c4283 _d4283 |
||